000 00264nam a2200109Ia 4500
008 230907s9999||||xx |||||||||||||| ||und||
082 _a697
_bASH
245 0 _aAshrae standard 209-2018 :
260 _aASHRAE,
_bAtlanta, GA :
_c2018
300 _a20 p.
942 _cBK
999 _c599505
_d599505